| 000 | 00667nam a2200157 a 4500 | ||
|---|---|---|---|
| 008 | 120416s0000 ||||||||||||||||| || u | ||
| 020 | _a071677030X | ||
| 050 | _aQP 551 Cre | ||
| 100 | _aCreighton, Thomas E | ||
| 245 | 1 | 0 | _aProteins, structures and molecular properties |
| 250 | _a2nd ed. | ||
| 260 |
_aNew York _bW.H. Freeman _c1993 |
||
| 350 | _a0.00 | ||
| 995 |
_aMAIN LIBRARY OPEN ACCESS _D0.00 _e026852 _FCBU-MAIN LIBRARY (Kitwe) _H1 _I15.00 _jQP 551 Cre _UAVAILABLE _y026852 _ZMain Library Open Access Collection |
||
| 995 |
_aANNEX COLLECTION (Main Library) _D0.00 _e026853 _FCBU-MAIN LIBRARY (Kitwe) _H2 _I15.00 _jQP 551 Cre _UAVAILABLE _y026853 _ZAnnex Low-Usage Collection |
||
| 999 |
_c77117 _d77117 |
||